00190nam a2200073Ia 4500008004100000082001300041100001300054245004900067240331s9999 xx 000 0 und d a323bILA aPerera,S 0aIlangaich samugathayum panpatayum wasitthal